[Event "Mahilong Birla Memorial 23 rd"]
[Site "Mahilong"]
[Date "2024.07.22"]
[Round "6"]
[White "Kamal, Kishore Debnath"]
[Black "Adhiraj, Mitra"]
[Result "0-1"]
[WhiteElo "1743"]
[BlackElo "1860"]
[PlyCount "100"]
[EventDate "2024.07.20"]
[EventType "swiss"]
[EventRounds "9"]
[EventCountry "IND"]
[SourceTitle "EXT 2025"]
[Source "ChessBase"]
[SourceDate "2024.10.14"]
[SourceVersion "1"]
[SourceVersionDate "2024.10.14"]
[SourceQuality "1"]

1. d4 d5 2. Nf3 Nf6 3. Bf4 e6 4. e3 Bd6 5. Bd3 0-0 6. 0-0 c5 7. Bxd6 Qxd6 8. c3 Nc6 9. Nbd2 e5 10. dxe5 Nxe5 11. Nxe5 Qxe5 12. Nf3 Qe7 13. Qc2 b6 14. h3 Bb7 15. Rfe1 Rfe8 16. Rad1 a6 17. Nd2 b5 18. Be2 Bc6 19. Bf3 Rad8 20. Nf1 g6 21. Ng3 Kg7 22. b3 Qe6 23. Ne2 Rd6 24. Nf4 Qe7 25. Nd3 Re6 26. b4 c4 27. Nc5 Re5 28. Rd4 a5 29. a3 a4 30. Red1 h5 31. Qe2 Rh8 32. g3 Rd8 33. Kg2 Nh7 34. h4 f5 35. Kf1 Nf6 36. Ke1 Ne4 37. Bxe4 fxe4 38. Kd2 Rf8 39. Kc1 Ref5 40. Rf1 Rf3 41. Rd2 R8f5 42. Qe1 Qf6 43. Kc2 Kf7 44. Qe2 Rxg3 45. fxg3 Rxf1 46. g4 Rf3 47. gxh5 gxh5 48. Qh2 Rxe3 49. Qc7+ Kg6 50. Rg2+ Kh6 0-1

[Event "Mahilong Birla Memorial 23 rd"]
[Site "Mahilong"]
[Date "2024.07.21"]
[Round "5"]
[White "Kamal, Kishore Debnath"]
[Black "Aabhash"]
[Result "1-0"]
[WhiteElo "1743"]
[BlackElo "1618"]
[PlyCount "77"]
[EventDate "2024.07.20"]
[EventType "swiss"]
[EventRounds "9"]
[EventCountry "IND"]
[SourceTitle "EXT 2025"]
[Source "ChessBase"]
[SourceDate "2024.10.14"]
[SourceVersion "1"]
[SourceVersionDate "2024.10.14"]
[SourceQuality "1"]

1. d4 Nf6 2. Nf3 d5 3. Bg5 e6 4. e3 Be7 5. Bd3 c5 6. c3 Qb6 7. Qc1 cxd4 8. exd4 Bd7 9. 0-0 Bb5 10. Bxb5+ Qxb5 11. Bxf6 Bxf6 12. Na3 Qd7 13. Nc2 Nc6 14. Nce1 Rc8 15. Qd2 0-0 16. Nd3 Na5 17. Nfe5 Qc7 18. Qe2 Nc4 19. Nxc4 Qxc4 20. Rfe1 b5 21. a3 a5 22. Qd2 Be7 23. Ne5 Qb3 24. Qe2 b4 25. axb4 axb4 26. Ra7 bxc3 27. bxc3 Bd6 28. Nxf7 Bxh2+ 29. Kxh2 Qb8+ 30. Nd6 Qxd6+ 31. Kg1 Rf6 32. Ra6 Rc6 33. Ra8+ Rf8 34. Rxf8+ Qxf8 35. Ra1 h6 36. Ra7 Qf6 37. Ra8+ Kh7 38. Qd3+ Qg6 39. Rh8+ 1-0